Nové právní předpisy k ochraně životního prostředí.

Životné prostredie všeobecne. Ochrana vôd. Odpadové hospodárstvo. Ochrana ovzdušia. Ochrana zdravia. Ochrana prírody. Ochrana poľnohospodárskeho a lesného pôdneho fondu. Súvisiace právne predpisy.

Salvato in:
Dettagli Bibliografici
Autore principale: Tichotová, P.
Natura: Capitolo di libro
Lingua:ceco
Soggetti:
Tags: Aggiungi Tag
Nessun Tag, puoi essere il primo ad aggiungerne!!

MARC

LEADER 00000naa a2200000 4500
001 r008649
005 20220831083855.4
041 0 |a cze 
044 |a [CS] 
245 1 0 |a Nové právní předpisy k ochraně životního prostředí.  |c P. Tichotová 
520 |a Životné prostredie všeobecne. Ochrana vôd. Odpadové hospodárstvo. Ochrana ovzdušia. Ochrana zdravia. Ochrana prírody. Ochrana poľnohospodárskeho a lesného pôdneho fondu. Súvisiace právne predpisy. 
610 2 0 |a ochrana prostredia životného 
610 2 0 |a predpisy právne 
610 2 0 |a ČSFR 
610 2 0 |a ochrana pôdy 
610 2 0 |a voda 
610 2 0 |a odpad 
610 2 0 |a ochrana zdravia 
610 2 0 |a fond pôdny 
610 2 0 |a ochrana prírody 
100 1 |a Tichotová, P.